| 000 -CABECERA |
| fixed length control field |
01040nam a22002297a 4500 |
| 003 - IDENTIFICADOR DEL NÚMERO DE CONTROL |
| control field |
AR-CdUCM |
| 008 - DATOS DE LONGITUD FIJA--INFORMACIÓN GENERAL |
| fixed length control field |
190312b ||||| |||| 00| 0 spa d |
| 040 ## - FUENTE DE LA CATALOGACIÓN |
| Agencia/entidad que catalogó originalmente la obra |
MUNICIPALIDAD PROVINCIAL DEL CUSCO |
| Entidad que transcribió la catalogación |
BIBLIOTECA MUNICIPAL DEL CUSCO |
| 082 ## - NÚMERO DE LA CLASIFICACIÓN DECIMAL DEWEY |
| No. de Clasificación |
869.50 / |
| Notacion interna |
N682 |
| 100 ## - ENTRADA PRINCIPAL--NOMBRE DE PERSONA |
| Nombre Personal |
Nieves y Bustamante, María |
| 245 ## - MENCIÓN DE TÍTULO |
| Título |
Jorge el hijo del pueblo / |
| 260 ## - PUBLICACIÓN, DISTRIBUCIÓN, ETC. |
| Lugar de publicación, distribución, etc. |
Arequipa : |
| Nombre de la editorial, distribuidor, etc. |
Editorial Mejía Baca, |
| Fecha de publicación, distribución, etc. |
1958. |
| 300 ## - DESCRIPCIÓN FÍSICA |
| Nº de Páginas Extensión |
357 páginas ; |
| Dimensiones |
17 cm. |
| 440 ## - MENCIÓN DE SERIE/PUNTO DE ACCESO ADICIONAL--TÍTULO |
| Título |
Ediciones Populibro |
| 9 (RLIN) |
15786 |
| 505 ## - NOTA DE CONTENIDO CON FORMATO |
| Nota de contenido formateada |
Contenido: t.1: Las bodas de un artesano - La bandera echeniquista - El 22 de abril de 1851 - Los últimos momentos de Don Raimundo... -- t.2: Vencer o morir - Fe popular - Luciano oye referir un episodio de su vida - La pequeña casita - Los hermanos - Elena -- t.3: Iriarte es descubierto -- Iriarte se mortifica -- Delirante... |
| 650 ## - PUNTO DE ACCESO ADICIONAL DE MATERIA--TÉRMINO DE MATERIA |
| Descriptor |
Novelas históricas peruanas |
| 9 (RLIN) |
11377 |
| 650 ## - PUNTO DE ACCESO ADICIONAL DE MATERIA--TÉRMINO DE MATERIA |
| Descriptor |
Arequipa |
| 9 (RLIN) |
1703 |
| 650 ## - PUNTO DE ACCESO ADICIONAL DE MATERIA--TÉRMINO DE MATERIA |
| Descriptor |
Drama arequipeño |
| 9 (RLIN) |
15787 |
| 942 ## - ELEMENTOS DE PUNTO DE ACCESO ADICIONAL (KOHA) |
| Fuente de clasificación |
|
| Tipo de item |
Libros-BMC |
| 945 ## - PROCESAMIENTO DE INFORMACIÓN LOCAL (OCLC) |
| Catalogador |
davv |